|
|
|
|
| LEADER |
02749cam a2200685 i 4500 |
| 001 |
nkc20162826289 |
| 003 |
CZ PrNK |
| 005 |
20170213124809.0 |
| 007 |
ta |
| 008 |
161122s2016 xr ach e c 000 0dcze d |
| 015 |
|
|
|a cnb002826289
|
| 020 |
|
|
|a 978-80-7304-199-1
|q (brožováno)
|
| 035 |
|
|
|a (OCoLC)970629419
|
| 035 |
|
|
|a (OCoLC)972637807
|
| 040 |
|
|
|a KLG001
|b cze
|d BOA001
|d ABA001
|e rda
|
| 043 |
|
|
|a e-xr---
|
| 045 |
|
|
|a x7y1
|
| 072 |
|
7 |
|a 75
|x Malířství
|2 Konspekt
|9 21
|
| 080 |
|
|
|a 75(437.3)
|2 MRF
|
| 080 |
|
|
|a 76(437.3)
|2 MRF
|
| 080 |
|
|
|a 7.036/.038
|2 MRF
|
| 080 |
|
|
|a (437.3)
|2 MRF
|
| 080 |
|
|
|a (083.824)
|2 MRF
|
| 080 |
|
|
|a (082.2)
|2 MRF
|
| 100 |
1 |
|
|a Bím, Tomáš,
|d 1946-
|7 jn99240000118
|4 ill
|
| 245 |
1 |
0 |
|a Bím 70 :
|b ohlédnutí : Praha, Novoměstská radnice, říjen 2016 - leden 2017. Ať ho provázejí jen dobří andělé /
|c [autor úvodu] František Dvořák
|
| 246 |
1 |
|
|i Název v tiráži:
|a Tomáš Bím 70 :
|b ohlédnutí
|
| 246 |
3 |
0 |
|a Ohlédnutí
|
| 250 |
|
|
|a Vydání první
|
| 264 |
|
1 |
|a Praha :
|b Jiří Tomáš - nakladatelství Akropolis,
|c 2016
|
| 300 |
|
|
|a 504 stran :
|b ilustrace (převážně barevné), portréty, faksimile ;
|c 21 cm
|
| 336 |
|
|
|a text
|b txt
|2 rdacontent
|
| 336 |
|
|
|a statický obraz
|b sti
|2 rdacontent
|
| 337 |
|
|
|a bez média
|b n
|2 rdamedia
|
| 338 |
|
|
|a svazek
|b nc
|2 rdacarrier
|
| 500 |
|
|
|a "Tato publikace byla vydána u příležitosti výstavy na Novoměstské radnici v Praze, konané k sedmdesátinám autora"--Preliminária
|
| 500 |
|
|
|a Životopisná data, přehled výstav a zastoupení ve sbírkách
|
| 600 |
1 |
7 |
|a Bím, Tomáš,
|d 1946-
|7 jn99240000118
|2 czenas
|
| 648 |
|
7 |
|a 20.-21. století
|7 ch462155
|2 czenas
|
| 648 |
|
4 |
|a 1975-2016
|
| 650 |
0 |
7 |
|a české malířství
|7 ph116864
|y 20.-21. století
|2 czenas
|
| 650 |
0 |
7 |
|a česká grafika
|7 ph128116
|y 20.-21. století
|2 czenas
|
| 650 |
0 |
7 |
|a moderní umění
|7 ph115340
|z Česko
|2 czenas
|
| 650 |
0 |
9 |
|a Czech painting
|y 20th-21st centuries
|2 eczenas
|
| 650 |
0 |
9 |
|a Czech prints
|y 20th-21st centuries
|2 eczenas
|
| 650 |
0 |
9 |
|a modern art
|z Czechia
|2 eczenas
|
| 655 |
|
7 |
|a katalogy výstav
|7 fd132536
|2 czenas
|
| 655 |
|
7 |
|a jubilejní publikace
|7 fd131839
|2 czenas
|
| 655 |
|
9 |
|a exhibition catalogs
|2 eczenas
|
| 655 |
|
9 |
|a jubilee books
|2 eczenas
|
| 740 |
0 |
2 |
|a Ať ho provázejí jen dobří andělé
|
| 700 |
1 |
|
|a Dvořák, František,
|d 1920-2015
|7 jk01030088
|4 wfw
|
| 710 |
2 |
|
|a Novoměstská radnice (Praha, Česko)
|7 kn20050426052
|4 orm
|
| 910 |
2 |
|
|a BOA001
|b 2-1379.133
|
| 920 |
|
|
|a 1104930
|z KLG001
|
| 928 |
9 |
|
|a Jiří Tomáš - Akropolis
|
| 990 |
|
|
|a BK
|
| 995 |
|
|
|a 01
|
| 991 |
|
|
|b 201612
|c NOV
|
| 996 |
6 |
|
|b 2610689817
|c 2-1379.133
|l MZK
|r Sklad / do 1 hodiny
|n 0
|p p.v.
|w 001590598
|u 000010
|a 1
|e BOA001
|j MZK50
|s P
|